|
|
|
|
| LEADER |
01050nam a2200301 a 4500 |
| 001 |
7032 |
| 003 |
BD-DhAAL |
| 008 |
150914c1994 nyua 0 0eng d |
| 020 |
|
|
|a 0026358859
|
| 020 |
|
|
|a 0026358867
|
| 020 |
|
|
|a 0026358921
|
| 020 |
|
|
|a 002635893x
|
| 020 |
|
|
|a 0026357682
|
| 040 |
|
|
|a UUS
|c UUS
|d OCL
|d BD-DhAAL
|
| 082 |
0 |
0 |
|a 420/.7/1
|2 21
|
| 245 |
0 |
0 |
|a Writer's choice :
|b grammar and composition
|
| 260 |
|
|
|a New York N.Y. :
|b Glencoe,
|c c1996.
|
| 300 |
|
|
|a xxiv, 838 p. :
|b ill. ;
|c 26 cm.
|
| 500 |
1 |
|
|a Grammar practice.
|
| 541 |
1 |
|
|e 7032
|
| 650 |
|
0 |
|a English language
|x Study and teaching.
|9 12990
|
| 650 |
|
0 |
|a English language
|x Grammar
|x Study and teaching.
|9 14601
|
| 650 |
|
0 |
|a Language arts.
|9 14597
|
| 650 |
|
0 |
|a English language
|x Composition and exercises.
|9 14602
|
| 710 |
2 |
|
|a Glencoe Publishing Co.
|9 14603
|
| 942 |
|
|
|2 ddc
|c BK
|
| 999 |
|
|
|c 35529
|d 35529
|
| 952 |
|
|
|0 0
|1 0
|2 ddc
|4 0
|6 420_000000000000000__7_1_WRI
|7 0
|9 55881
|a SCL
|b SCL
|c GEN
|d 2015-09-14
|e Gift: The Asia Foundation
|l 0
|o 420.71 WRI
|p 3020007032
|r 2015-09-14
|t 1
|w 2015-09-14
|y BK
|